书目信息 |
| 题名: |
市政公用工程管理与实务
|
|
| 作者: | 范伟 主编 | |
| 分册: | ||
| 出版信息: | 北京 中国环境科学出版社 2005.7 |
|
| 页数: | 132页 | |
| 开本: | 26cm | |
| 丛书名: | ||
| 单 册: | ||
| 中图分类: | TU99-43 | |
| 科图分类: | ||
| 主题词: | 市政工程--shi zheng gong cheng--考核--教材 | |
| 电子资源: | ||
| ISBN: | 7-80209-147-0 | |
| 000 | 00877nam0 2200241 45 | |
| 001 | 012005000000 | |
| 005 | 20061026170005.70 | |
| 010 | @a7-80209-147-0@dCNY16.00 | |
| 100 | @a20051110d2005 em y0chiy0121 ea | |
| 101 | 0 | @achi |
| 102 | @aCN@b110000 | |
| 105 | @af z 000yy | |
| 200 | 1 | @a市政公用工程管理与实务@Ashi zheng gong yong gong cheng guan li yu shi wu@f[范伟主编]@g本书编委会编写 |
| 210 | @a北京@c中国环境科学出版社@d2005.7 | |
| 215 | @a132页@c图@d26cm | |
| 300 | @a二级建造师执业资格考试培训教材 | |
| 320 | @a有书目(第131-132页) | |
| 330 | @a本书论述了市政公用工程中城市道路、桥梁、隧道、地下铁道、给水、排水、热力、燃气及生活垃圾处理等的相关专业技术、工程项目管理及法律法规等内容。 | |
| 606 | 0 | @a市政工程@Ashi zheng gong cheng@x考核@j教材 |
| 690 | @aTU99-43@v4 | |
| 701 | 0 | @a范伟@Afan wei@4主编 |
| 801 | 0 | @aCN@c20061026 |
| 905 | @a10447@dTU99-43@eF143 | |
| 市政公用工程管理与实务/[范伟主编]/本书编委会编写.-北京:中国环境科学出版社,2005.7 |
| 132页:图;26cm |
| 二级建造师执业资格考试培训教材 |
| ISBN 7-80209-147-0:CNY16.00 |
| 本书论述了市政公用工程中城市道路、桥梁、隧道、地下铁道、给水、排水、热力、燃气及生活垃圾处理等的相关专业技术、工程项目管理及法律法规等内容。 |
| ● |
| 相关链接 |
|
|
|
正题名:市政公用工程管理与实务
索取号:TU99-43/F143
 
预约/预借
| 序号 | 登录号 | 条形码 | 馆藏地/架位号 | 状态 | 备注 |
| 1 | 631134 | 206311347 | 建筑库201/201建筑库 123排2列3层/ [索取号:TU99-43/F143] | 在馆 | |
| 2 | 631135 | 206311356 | 建筑库201/201建筑库 123排2列3层/ [索取号:TU99-43/F143] | 在馆 | |
| 3 | 631136 | 206311365 | 建筑库201/201建筑库 123排2列3层/ [索取号:TU99-43/F143] | 在馆 |